| Tag |
First Indicator |
Second Indicator |
Subfields |
| LEADER |
00000cam a2200000 a 4500 |
| 001 |
in00000025958 |
| 005 |
20151007055742.0 |
| 008 |
880113s1987 dcua b 10110 eng d |
| 010 |
|
|
|a 87081281
|
| 020 |
|
|
|a 0818608145
|
| 035 |
|
|
|a (OCoLC)17342418
|
| 035 |
|
|
|9 AAB9170AM
|
| 040 |
|
|
|a RRR
|c RRR
|d TXA
|d UtOrBLW
|
| 049 |
|
|
|a TXAM
|c [A11670742]
|
| 050 |
|
4 |
|a TK7874
|b .I3235 1987
|
| 111 |
2 |
|
|a IEEE International Conference on Computer-Aided Design
|d (1987 :
|c Santa Clara, Calif.)
|
| 245 |
1 |
0 |
|a Digest of technical papers :
|b November 9-12, 1987, Convention Center, Santa Clara, California /
|c IEEE International Conference on Computer- Aided Design, ICCAD-87 ; sponsored by IEEE Circuits and Systems Society, Computer Society of the IEEE, in cooperation with IEEE Electron Devices Society, ACM Special Interest Group on Design Automation.
|
| 264 |
|
1 |
|a Washington, D.C. :
|b Computer Society Press ;
|a Los Angeles, CA :
|b Order from Computer Society of the IEEE,
|c [1987]
|
| 264 |
|
4 |
|c ©1987
|
| 300 |
|
|
|a xxii, 545 pages :
|b illustrations ;
|c 28 cm.
|
| 336 |
|
|
|a text
|b txt
|2 rdacontent
|
| 337 |
|
|
|a unmediated
|b n
|2 rdamedia
|
| 338 |
|
|
|a volume
|b nc
|2 rdacarrier
|
| 500 |
|
|
|a "Computer Society order number 814."
|
| 500 |
|
|
|a "IEEE catalog number 87CH2469-5."
|
| 504 |
|
|
|a Includes bibliographies and index.
|
| 500 |
|
|
|a Cover title: 1987 IEEE International Conference on Computer-Aided Design.
|
| 650 |
|
0 |
|a Integrated circuits
|x Design and construction
|x Data processing
|x Congresses.
|
| 650 |
|
0 |
|a Computer-aided design
|v Congresses.
|
| 710 |
2 |
|
|a IEEE Computer Society.
|
| 710 |
2 |
|
|a IEEE Circuits and Systems Society.
|
| 710 |
2 |
|
|a IEEE Electron Devices Society.
|
| 710 |
2 |
|
|a ACM Special Interest Group on Design Automation.
|
| 740 |
0 |
|
|a 1987 IEEE International Conference on Computer-Aided Design.
|
| 999 |
|
|
|a MARS
|
| 999 |
f |
f |
|s 640f284d-9e29-31df-9e48-02c19218e48b
|i 76b15db5-e81e-38bc-b496-ed33e7d69cbb
|t 0
|
| 952 |
f |
f |
|p ric
|a Texas A&M University
|b Rellis Campus
|c Joint Library Facility
|d Remote Storage
|t 0
|e TK7874 .I3235 1987
|h Library of Congress classification
|i unmediated -- volume
|m A14811670742
|
| 998 |
f |
f |
|a TK7874 .I3235 1987
|t 0
|l Remote Storage
|